【サドンデス】ラジオ番組にレギュラー出演している乃木坂46のメンバー - Statistics

General Stats
  • This quiz has been taken 27 times
  • The average score is 8 of 16
Answers on the Grid
Answers color-coded by a green-red scale on the quiz's grid according to % correct below.
伊藤理々杏
岩本蓮加
梅澤美波
久保史緒里
吉田綾乃クリスティー
遠藤さくら
賀喜遥香
金川紗耶
黒見明香
佐藤璃果
柴田柚菜
田村真佑
筒井あやめ
林瑠奈
松尾美佑
矢久保美緒
弓木奈於
五百城茉央
池田瑛紗
一ノ瀬美空
井上和
岡本姫奈
小川彩
奥田いろは
川﨑桜
菅原咲月
冨里奈央
中西アルノ
愛宕心響
大越ひなの
小津玲奈
海邉朱莉
川端晃菜
鈴木佑捺
瀬戸口心月
長嶋凛桜
増田三莉音
森平麗心
矢田萌華
 
Answer Stats
Answer % Correct
久保史緒里
72%
弓木奈於
61%
井上和
61%
岡本姫奈
61%
小川彩
61%
賀喜遥香
56%
柴田柚菜
56%
菅原咲月
56%
松尾美佑
50%
矢久保美緒
50%
田村真佑
44%
五百城茉央
44%
川﨑桜
44%
金川紗耶
39%
池田瑛紗
33%
鈴木佑捺
28%
No matching quizzes found
Score Distribution
Percent of People with Each Score
Percentile by Number Answered
Your Score History
You have not taken this quiz